Absorpční pochody v chemickém průmyslu

Guardado en:
Detalles Bibliográficos
Autor principal: Ramm, Vitalij Maksimovič
Formato: Libro
Lenguaje:checo
Publicado: Praha Státní nakladatelství technické literatury 1954
Edición:1. vyd.
Colección:Řada chemické literatury
Materias:
Acceso en línea:Ver en el OPAC
Etiquetas: Agregar Etiqueta
Sin Etiquetas, Sea el primero en etiquetar este registro!

MARC

LEADER 00000nam a2200000 a 4500
005 20260127134301.0
008 130204 1961 000 0 cze d
035 |a vtls010487503 
039 9 |y 201302041006  |z mschk03 
040 |a STUSCHK1  |b slo  |c STUSCHK1  |e AACR2 
080 |a 66.074.4/.5:532.73-1 
100 1 |a Ramm, Vitalij Maksimovič 
245 1 |a Absorpční pochody v chemickém průmyslu  |c Vitalij Maksimovič Ramm 
250 |a 1. vyd. 
260 |a Praha  |b Státní nakladatelství technické literatury  |c 1954 
300 |a 371 s.  |b il.  |c 21 cm 
490 0 |a Řada chemické literatury 
500 |a Obsahuje bibliografiu a register 
650 0 |a chemický priemysel 
650 0 |a chemická technológia 
650 0 |a absorpcia 
910 |a SCHK95 
999 |c 8749  |d 8749